Focus (Record no. 82171)

MARC details
000 -LEADER
fixed length control field 01037cab a22002175a 4500
001 - CONTROL NUMBER
control field L149425
008 - FIXED-LENGTH DATA ELEMENTS--GENERAL INFORMATION
fixed length control field 100304e20100221xxkado f 000 0 eng d
035 ## - SYSTEM CONTROL NUMBER
System control number (Sirsi) u149425
041 0# - LANGUAGE CODE
Language code of text/sound track or separate title eng
100 1# - MAIN ENTRY--PERSONAL NAME
Personal name Cunningham, Daniel
245 00 - TITLE STATEMENT
Title Focus
Remainder of title Essex
260 ## - PUBLICATION, DISTRIBUTION, ETC.
Date of publication, distribution, etc. 2010
490 ## - SERIES STATEMENT
Series statement Estates Gazette
Volume/sequential designation (1004) 30 January 2010, 95-103(9)
520 ## - SUMMARY, ETC.
Summary, etc. £500m regeneration plan for Purfleet town centre needs a development partner, plans include the Royal Opera House's £50m development; housing development plans in Chelmsford include Beaulieu Park but the collapse of Ashwell Property Group has closed an ambitious regeneration plan to develop the former Marconi site; the take-up of offices varies across the county but generally demand is higher than for industrial take-up; office and industrial take-up statistics across Essex for 2008 and 2009.
590 ## - LOCAL NOTE (RLIN)
Local note KA
651 #4 - SUBJECT ADDED ENTRY--GEOGRAPHIC NAME
Geographic name Essex
690 ## - LOCAL SUBJECT ADDED ENTRY--TOPICAL TERM (OCLC, RLIN)
Topical term or geographic name as entry element PROPERTY-COMMERCIAL PROPERTY-COMMERCIAL PROPERTY MARKET
700 1# - ADDED ENTRY--PERSONAL NAME
Personal name Day, Karen
700 1# - ADDED ENTRY--PERSONAL NAME
Personal name Smith, Melanie
942 ## - ADDED ENTRY ELEMENTS (KOHA)
Suppress in OPAC 0
Holdings
Withdrawn status Lost status Source of classification or shelving scheme Damaged status Not for loan Home library Current library Shelving location Date acquired Total Checkouts Full call number Barcode Date last seen Copy number Price effective from Koha item type
    Dewey Decimal Classification     London London Journals 04/03/2010   L149425 L149425 06/08/2019 1 06/08/2019 Journal article